LEADER 01460oam 2200493zu 450 001 996214929603316 005 20210807004647.0 010 $a1-118-66994-0 035 $a(CKB)3450000000004289 035 $a(SSID)ssj0000726553 035 $a(PQKBManifestationID)11466016 035 $a(PQKBTitleCode)TC0000726553 035 $a(PQKBWorkID)10683138 035 $a(PQKB)10209760 035 $a(PPN)188987231 035 $a(EXLCZ)993450000000004289 100 $a20160829d1981 uy 101 0 $aeng 181 $ctxt 182 $cc 183 $acr 200 00$aAnelasticity in the earth 210 31$a[Place of publication not identified]$cAmerican Geophysical Union$d1981 225 0 $aGeodynamics series Anelasticity in the earth 300 $aBibliographic Level Mode of Issuance: Monograph 311 $a0-87590-505-6 606 $aElasticity 606 $aGeology$2HILCC 606 $aEarth & Environmental Sciences$2HILCC 606 $aDynamic & Structural Geology$2HILCC 607 $aEarth (Planet)$xMantle 615 0$aElasticity 615 7$aGeology 615 7$aEarth & Environmental Sciences 615 7$aDynamic & Structural Geology 676 $a551.1/16 702 $aNicolas$b A$g(Adolphe),$f1936- 702 $aStacey$b F. D 702 $aPaterson$b M. S 801 0$bPQKB 906 $aBOOK 912 $a996214929603316 996 $aAnelasticity in the earth$9374659 997 $aUNISA LEADER 01161nam0 22003011i 450 001 UON00165954 005 20250508025639.66 010 $a05-214-7378-0 100 $a20030115d2002 |0itac50 ba 101 $aeng 102 $aGB 105 $a|||| ||||| 200 1 $aAustralian languages$etheir nature and development$fR.M.W. Dixon 210 $aCambridge$cCambridge University Press$d2002 215 $axlii, 734 p.$cc.geogr.$d24 cm 410 1$1001UON00175644$12001 $aCambridge Language Surveys 606 $aLINGUE AUSTRALIANE$3UONC033321$2FI 620 $dCambridge$3UONL000022 676 $a499.15$cLINGUE AUSTRALIANE$v21 700 1$aDixon$bRobert M. W.$3UONV053954$0110045 712 $aCambridge University Press$3UONV245943$4650 790 1$aDixon, R. M. W.$zDixon, Robert M. W.$3UONV297249 801 $aIT$bSOL$c20250620$gRICA 899 $aSIBA - SISTEMA BIBLIOTECARIO DI ATENEO$2UONSI 912 $aUON00165954 950 $aSIBA - SISTEMA BIBLIOTECARIO DI ATENEO$dSI II 229 $eSI AA 25583 7 229 996 $aAustralian languages$9541489 997 $aUNIOR